Normal view
MARC view
- الشريعة الاسلامية- دراسة وتعليم- مؤتمرات
Entry Topical Term
001 - CONTROL NUMBER
- control field: 52586
003 - CONTROL NUMBER IDENTIFIER
- control field: JO-AjAnu
005 - DATE AND TIME OF LATEST TRANSACTION
- control field: 20230606082637.0
008 - FIXED-LENGTH DATA ELEMENTS
- fixed length control field: 230606|| aca||aabn | a|a d
040 ## - CATALOGING SOURCE
- Original cataloging agency: JO-AjAnu
- Transcribing agency: JO-AjAnu
150 ## - HEADING--TOPICAL TERM
- Topical term or geographic name entry element: الشريعة الاسلامية- دراسة وتعليم- مؤتمرات
670 ## - SOURCE DATA FOUND
- Source citation: Work cat.: (JO-AjAnu)26871: تحرير: ملكاوي، فتحي حسن ، محمد عبد الكريم أبو سل , author 52585, بحوث مؤتمر علوم الشريعة في الجامعات الواقع والطموح عمان/المملكة الاردنية الهاشمية 16-19 ربيع الأول 1415هـ الموافق 23-26 آب 1994م، ج2